El Regimen de los Seguros en los Contratos Administrativos (Registro nro. 102463)
[ vista simple ]
| 000 -CABECERA | |
|---|---|
| campo de control de longitud fija | 00814nam a2200277 u 4500 |
| 001 - NÚMERO DE CONTROL | |
| campo de control | 323336 |
| 005 - FECHA Y HORA DE LA ÚLTIMA TRANSACCIÓN | |
| campo de control | 20260506082519.0 |
| 008 - DATOS DE LONGITUD FIJA--INFORMACIÓN GENERAL | |
| campo de control de longitud fija | 981203s1998 ||||||m| spa |
| 035 ## - NÚMERO DE CONTROL DEL SISTEMA | |
| Número de control de sistema | 323336 |
| 040 ## - FUENTE DE LA CATALOGACIÓN | |
| Centro/agencia transcriptor | comduadb |
| 041 ## - CÓDIGO DE LENGUA | |
| Código de lengua del texto/banda sonora o título independiente | spa |
| 082 #4 - NÚMERO DE LA CLASIFICACIÓN DECIMAL DEWEY | |
| Número de clasificación | 344 |
| 100 10 - ENTRADA PRINCIPAL--NOMBRE DE PERSONA | |
| Nombre de persona | Aragon Fuentes, Javier Jose |
| Código de función | aut |
| Término indicativo de función/relación | Autor/a |
| 9 (RLIN) | 515203 |
| 245 10 - TÍTULO PROPIAMENTE DICHO | |
| Título propiamente dicho | El Regimen de los Seguros en los Contratos Administrativos |
| 260 ## - PUBLICACIÓN, DISTRIBUCIÓN, ETC. | |
| Lugar de publicación, distribución, etc. | Medellín : |
| Nombre del editor, distribuidor, etc. | [sin publicador], |
| Fecha de publicación, distribución, etc. | 1998. |
| 300 ## - DESCRIPCIÓN FÍSICA | |
| Extensión | 114 hojas |
| 502 ## - NOTA DE TESIS | |
| Tipo de título | Tesis (Abogado/a). |
| Nombre de la institución que otorga el título | Universidad de Antioquia. Facultad de Derecho y Ciencias Políticas, |
| 526 ## - NOTA DE INFORMACIÓN SOBRE EL PROGRAMA DE ESTUDIO | |
| Nombre del programa | Universidad de Antioquia. Facultad de Derecho y Ciencias Políticas. Derecho. |
| 650 ## - PUNTO DE ACCESO ADICIONAL DE MATERIA--TÉRMINO DE MATERIA | |
| Término de materia o nombre geográfico como elemento de entrada | Contratación administrativa |
| 9 (RLIN) | 50747 |
| 650 ## - PUNTO DE ACCESO ADICIONAL DE MATERIA--TÉRMINO DE MATERIA | |
| Término de materia o nombre geográfico como elemento de entrada | Seguros |
| 9 (RLIN) | 37647 |
| 650 #7 - PUNTO DE ACCESO ADICIONAL DE MATERIA--TÉRMINO DE MATERIA | |
| Término de materia o nombre geográfico como elemento de entrada | Compañías de seguros |
| Fuente del encabezamiento o término | lemb |
| 9 (RLIN) | 40835 |
| 650 #7 - PUNTO DE ACCESO ADICIONAL DE MATERIA--TÉRMINO DE MATERIA | |
| Término de materia o nombre geográfico como elemento de entrada | Pólizas de seguros |
| Fuente del encabezamiento o término | lemb |
| 9 (RLIN) | 9151 |
| 651 #7 - PUNTO DE ACCESO ADICIONAL DE MATERIA--NOMBRE GEOGRÁFICO | |
| Nombre geográfico | Colombia |
| Fuente del encabezamiento o término | embne |
| 9 (RLIN) | 870547 |
| 700 10 - ENTRADA AGREGADA--NOMBRE PERSONAL | |
| Nombre de persona | Giraldo Osorio, Orlando |
| Código de función | aut |
| Término indicativo de función/relación | Autor/a |
| 9 (RLIN) | 290344 |
| 942 ## - ELEMENTOS DE ENTRADA AGREGADA (KOHA) | |
| Tipo de ítem Koha | Tesis |
| Estado de retiro | Estado de pérdida | Estado dañado | No para préstamo | Código de colección | Localización permanente | Ubicación/localización actual | Fecha de adquisición | Fuente de adquisición | Número de inventario | Total de préstamos | Signatura topográfica completa | Código de barras | Fecha visto por última vez | Número de copia | Precio válido a partir de | Tipo de ítem Koha |
|---|---|---|---|---|---|---|---|---|---|---|---|---|---|---|---|---|
| Colección de Tesis. Piso 2 | Biblioteca Carlos Gaviria Díaz, Campus Medellín | Biblioteca Carlos Gaviria Díaz, Campus Medellín | 03/12/1998 | Material adquirido por donación | C402532 | 344.9861 A659r | 61000000151122 | 22/04/2023 | 1 | 22/04/2023 | Tesis |